000
00310nam a22001457a 4500
008
210429b ||||| |||| 00| 0 eng d
020
_a
636920000273
041
_a
eng
080
_2
3rd
_a
311
082
_a
311
100
_a
55
101
_a
STA
245
_a
Programming Perl
_c
Larry Wall
942
_2
udc
_c
BK
999
_c
56945
_d
56945